Catálogo
 En Linea

Gengis-Kan : (Registro nro. 34187)

Detalles MARC
000 -CABECERA
campo de control de longitud fija 01295nam a2200325 a 4500
001 - NÚMERO DE CONTROL
campo de control 000034696
005 - FECHA Y HORA DE LA ÚLTIMA TRANSACCIÓN
campo de control 20200930073839.0
008 - DATOS DE LONGITUD FIJA--INFORMACIÓN GENERAL
campo de control de longitud fija 111019s1962 sp a 000 0bspa d
040 ## - FUENTE DE LA CATALOGACIÓN
Centro catalogador/agencia de origen DO-SdBNP
Lengua de catalogación spa
Centro/agencia transcriptor BNPHU
082 ## - NÚMERO DE LA CLASIFICACIÓN DECIMAL DEWEY
Número de clasificación 923.9
Número de documento/Ítem G329P, 1962
100 1# - ENTRADA PRINCIPAL--NOMBRE DE PERSONA
Nombre de persona Prawdin, Michael,
Fechas asociadas al nombre 1894-1970
9 (RLIN) 60136
240 10 - TÍTULO UNIFORME
Título uniforme Tschingis-kan, und sein erbe
Lenguaje de la obra español
245 10 - MENCIÓN DE TÍTULO
Título Gengis-Kan :
Resto del título el conquistador de Asia /
Mención de responsabilidad, etc. Michael Prawdin ; traducción del alemán Guillermo y Luís Gossé ; revisión literaria Carlos del Corral Casal.
250 ## - MENCIÓN DE EDICIÓN
Mención de edición 3a ed.
260 ## - PUBLICACIÓN, DISTRIBUCIÓN, ETC.
Lugar de publicación, distribución, etc. Barcelona :
Nombre del editor, distribuidor, etc. Juventud,
Fecha de publicación, distribución, etc. 1962.
300 ## - DESCRIPCIÓN FÍSICA
Extensión 430 p., [14] p. de lám. :
Otras características físicas il., retrs.., mapas ;
Dimensiones 22 cm.
490 1# - MENCIÓN DE SERIE
Mención de serie Grandes biografías
500 ## - NOTA GENERAL
Nota general Traducido del alemán.
500 ## - NOTA GENERAL
Nota general Incluye árbol genealógico y cronológica de los Gengisidas.
504 ## - NOTA DE BIBLIOGRAFÍA, ETC.
Nota de bibliografía, etc. Bibliografía: p. [425]-428.
590 ## - NOTA LOCAL (RLIN)
Nota local Perteneció a la biblioteca personal de Juan Isidro Jimenes Grullón
600 04 - PUNTO DE ACCESO ADICIONAL DE MATERIA--NOMBRE DE PERSONA
Nombre de persona GENGHIS KAN,
Fechas asociadas al nombre 1162-1227
9 (RLIN) 60137
650 #4 - PUNTO DE ACCESO ADICIONAL DE MATERIA--TÉRMINO DE MATERIA
Término de materia o nombre geográfico como elemento de entrada Mongoles
Subdivisión general Historia
9 (RLIN) 60138
651 #4 - PUNTO DE ACCESO ADICIONAL DE MATERIA--NOMBRE GEOGRÁFICO
Nombre geográfico Mongolia
Subdivisión general Historia
9 (RLIN) 60139
700 12 - PUNTO DE ACCESO ADICIONAL--NOMBRE DE PERSONA
Nombre de persona Gosse, Guillermo,
Término indicativo de función/relación tr.
9 (RLIN) 60140
700 12 - PUNTO DE ACCESO ADICIONAL--NOMBRE DE PERSONA
Nombre de persona Gosse, Luis,
Término indicativo de función/relación tr.
9 (RLIN) 60141
700 12 - PUNTO DE ACCESO ADICIONAL--NOMBRE DE PERSONA
Nombre de persona Corral Casal, Carlos del
9 (RLIN) 19917
830 #0 - PUNTO DE ACCESO ADICIONAL DE SERIE-TÍTULO UNIFORME
Título uniforme Grandes biografías
9 (RLIN) 11230
910 ## - DATOS DE OPCIÓN DEL USUARIO (OCLC)
Datos de opción del usuario Validado. Control de calidad BNPHU
Existencias
Estado de retiro Estado de pérdida Restricciones de uso No para préstamo Código de colección Localización permanente Ubicación/localización actual Ubicación en estantería Fecha de adquisición Número de inventario Total de préstamos Signatura topográfica completa Código de barras Fecha visto por última vez Precio válido a partir de Tipo de ítem Koha Nota pública
      Excluido de préstamo Monografías: Libros y Folletos General General Depósito 19.10.2011 LF1   923.9 G329P, 1962 34696-10 25.06.2020 25.06.2020 No se presta Perteneció a la Biblioteca Juan Isidro Jiménes Grullón

Con tecnología Koha